|
|
|
|
| LEADER |
00000nam0a2200000 4500 |
| 001 |
344054 |
| 005 |
20231102005625.0 |
| 035 |
|
|
|a (RuTPU)RU\TPU\book\375028
|
| 090 |
|
|
|a 344054
|
| 100 |
|
|
|a 20191206d1928 k y0rusy50 ca
|
| 101 |
0 |
|
|a rus
|
| 102 |
|
|
|a RU
|
| 105 |
|
|
|a a z 001zy
|
| 200 |
1 |
|
|a Труды общества изучения Урала, Сибири и Дальнего Востока. Том 1, выпуск 2
|e труды
|f Общество изучения Урала, Сибири и Дальнего Востока
|
| 210 |
|
|
|a Москва
|c Мосполиграф
|d 1928
|
| 215 |
|
|
|a 55 с.
|c ил.
|
| 464 |
|
|
|t Сайлюгем. Географический очерк
|f Л. И. Семихатова
|
| 464 |
|
|
|t Третичная и послетретичная история окрестностей города Челябинска
|f М. В. Грум-Гржимайло
|
| 606 |
1 |
|
|a География
|y Россия
|2 stltpush
|3 (RuTPU)RU\TPU\subj\69320
|9 84231
|
| 606 |
1 |
|
|a Геология
|y Россия
|2 stltpush
|3 (RuTPU)RU\TPU\subj\71115
|9 85163
|
| 610 |
1 |
|
|a Урал
|
| 610 |
1 |
|
|a Сайлюгем
|
| 610 |
1 |
|
|a Челябинск
|
| 610 |
1 |
|
|a третичный период
|
| 675 |
|
|
|a 91
|v 4
|
| 675 |
|
|
|a 55
|v 4
|
| 712 |
0 |
2 |
|a Общество изучения Урала, Сибири и Дальнего Востока
|y Москва
|z 1924-1933
|2 stltpush
|3 (RuTPU)RU\TPU\col\26717
|
| 801 |
|
1 |
|a RU
|b 63413507
|c 20191206
|
| 801 |
|
2 |
|a RU
|b 63413507
|c 20191207
|g RCR
|
| 942 |
|
|
|c BK
|